000 00786 a2200217 4500
005 20240419103630.0
010 _aB-758651
020 _a9780976625209
_c900.00
035 _aB-758651
037 _bGift/Unesco
082 _a323
245 _aHuman Rights and Social Policies for Children and Women;
_bthe multiple indicator cluster survey (MICS) in practice/
_cEdited by- Alberto Minujin, Enrique Delamonica [and] Marina Komarecki
260 _aNew York
_bThe New School
_c2005
270 _aNew York
300 _a352p.;
_c22cm. (Pbk)
700 _aMinujin, Alberto
_964776
700 _aDelamonica, Enrique
_964900
700 _aKomarecki, Marina
_964901
942 _adpl
_cEN
_2ddc
_h323
_mHUM
999 _c202280
_d202280